[Event "8th Vellmar Chess Days"]
[Site "chess24.com"]
[Date "2016.07.29"]
[Round "2"]
[White "Kobs, Stephan"]
[Black "Langjahr, Marius"]
[Result "1/2-1/2"]
[Board "40"]
[WhiteElo "1933"]
[WhiteTeam "SV Esens"]
[WhiteCountry "GER"]
[WhiteFideId "4684656"]
[WhiteEloChange "-3"]
[BlackElo "1812"]
[BlackTeam "SK Sachsenheim"]
[BlackCountry "GER"]
[BlackFideId "12974625"]
[BlackEloChange "3"]

1. e4 {[%clk 1:30:30]} e6 {[%clk 1:30:30]} 2. d4 {[%clk 1:30:30]} d5 {[%clk
1:30:30]} 3. Nc3 {[%clk 1:30:30]} Bb4 {[%clk 1:30:30]} 4. e5 {[%clk 1:30:30]} Ne7
{[%clk 1:30:30]} 5. a3 {[%clk 1:30:30]} Bxc3+ {[%clk 1:30:30]} 6. bxc3 {[%clk
1:30:30]} b6 {[%clk 1:30:30]} 7. Qg4 {[%clk 1:30:30]} Ng6 {[%clk 1:30:30]} 8. h4
{[%clk 1:30:30]} h5 {[%clk 1:30:30]} 9. Qg3 {[%clk 1:30:30]} Ba6 {[%clk 1:30:30]}
10. Bxa6 {[%clk 1:30:30]} Nxa6 {[%clk 1:30:30]} 11. Bg5 {[%clk 1:30:30]} Qc8
{[%clk 1:30:30]} 12. Qd3 {[%clk 1:30:30]} Nb8 {[%clk 1:30:30]} 13. Ne2 {[%clk
1:30:30]} Nc6 {[%clk 1:30:30]} 14. Ng3 {[%clk 1:30:30]} Nf8 {[%clk 1:30:30]} 15.
Qf3 {[%clk 1:30:30]} g6 {[%clk 1:30:30]} 16. Bf6 {[%clk 1:30:30]} Rh7 {[%clk
1:30:30]} 17. Qd3 {[%clk 1:30:30]} Na5 {[%clk 1:30:30]} 18. O-O {[%clk 1:30:30]}
Nd7 {[%clk 1:30:30]} 19. Bg5 {[%clk 1:30:30]} c5 {[%clk 1:30:30]} 20. Ne2 {[%clk
1:30:30]} cxd4 {[%clk 1:30:30]} 21. cxd4 {[%clk 1:30:30]} Qc4 {[%clk 1:30:30]}
22. Qxc4 {[%clk 1:30:30]} Nxc4 {[%clk 1:30:30]} 23. Rfb1 {[%clk 1:30:30]} 1/2-1/2

[Event "8th Vellmar Chess Days"]
[Site "chess24.com"]
[Date "2016.07.29"]
[Round "2"]
[White "Nielsen, Michael Volstrup"]
[Black "Mueller, Mark"]
[Result "1/2-1/2"]
[Board "41"]
[WhiteElo "1827"]
[WhiteTeam "Sydøstlolland Skakklub"]
[WhiteCountry "DEN"]
[WhiteFideId "1454749"]
[WhiteEloChange "3"]
[BlackElo "1932"]
[BlackTeam "SC Diez"]
[BlackCountry "GER"]
[BlackFideId "12997218"]
[BlackEloChange "-3"]

1. d4 {[%clk 1:30:30]} Nf6 {[%clk 1:30:30]} 2. c4 {[%clk 1:30:30]} c5 {[%clk
1:30:30]} 3. d5 {[%clk 1:30:30]} b5 {[%clk 1:30:30]} 4. cxb5 {[%clk 1:30:30]} a6
{[%clk 1:30:30]} 5. bxa6 {[%clk 1:30:30]} g6 {[%clk 1:30:30]} 6. Nc3 {[%clk
1:30:30]} Bxa6 {[%clk 1:30:30]} 7. e4 {[%clk 1:30:30]} Bxf1 {[%clk 1:30:30]} 8.
Kxf1 {[%clk 1:30:30]} d6 {[%clk 1:30:30]} 9. Nge2 {[%clk 1:30:30]} Bg7 {[%clk
1:30:30]} 10. f3 {[%clk 1:30:30]} O-O {[%clk 1:30:30]} 11. a4 {[%clk 1:30:30]}
Nfd7 {[%clk 1:30:30]} 12. Nb5 {[%clk 1:30:30]} Ne5 {[%clk 1:30:30]} 13. Qc2
{[%clk 1:30:30]} Na6 {[%clk 1:30:30]} 14. Bd2 {[%clk 1:30:30]} Qb6 {[%clk
1:30:30]} 15. f4 {[%clk 1:30:30]} Ng4 {[%clk 1:30:30]} 16. h3 {[%clk 1:30:30]}
Nf6 {[%clk 1:30:30]} 17. Nec3 {[%clk 1:30:30]} Nb4 {[%clk 1:30:30]} 18. Qb1
{[%clk 1:30:30]} Nh5 {[%clk 1:30:30]} 19. Kf2 {[%clk 1:30:30]} Bh6 {[%clk
1:30:30]} 20. g3 {[%clk 1:30:30]} e5 {[%clk 1:30:30]} 21. Ne2 {[%clk 1:30:30]}
exf4 {[%clk 1:30:30]} 22. Bxf4 {[%clk 1:30:30]} Nxf4 {[%clk 1:30:30]} 23. Nxf4
{[%clk 1:30:30]} c4+ {[%clk 1:30:30]} 24. Kg2 {[%clk 1:30:30]} Bxf4 {[%clk
1:30:30]} 25. gxf4 {[%clk 1:30:30]} Nd3 {[%clk 1:30:30]} 26. Rf1 {[%clk 1:30:30]}
Qe3 {[%clk 1:30:30]} 27. Rf3 {[%clk 1:30:30]} Nxf4+ {[%clk 1:30:30]} 28. Kg3
{[%clk 1:30:30]} Nh5+ {[%clk 1:30:30]} 29. Kg2 {[%clk 1:30:30]} Qg5+ {[%clk
1:30:30]} 30. Kf2 {[%clk 1:30:30]} Qe5 {[%clk 1:30:30]} 31. Qc1 {[%clk 1:30:30]}
Qxe4 {[%clk 1:30:30]} 32. Nxd6 {[%clk 1:30:30]} Qxd5 {[%clk 1:30:30]} 33. Nxc4
{[%clk 1:30:30]} Rac8 {[%clk 1:30:30]} 34. b3 {[%clk 1:30:30]} Qd4+ {[%clk
1:30:30]} 35. Kg2 {[%clk 1:30:30]} Rfe8 {[%clk 1:30:30]} 36. Ra2 {[%clk 1:30:30]}
Qc5 {[%clk 1:30:30]} 1/2-1/2

[Event "8th Vellmar Chess Days"]
[Site "chess24.com"]
[Date "2016.07.29"]
[Round "2"]
[White "Koch, Yannick"]
[Black "Koenig, Friedrich Theodor"]
[Result "1/2-1/2"]
[Board "42"]
[WhiteElo "1930"]
[WhiteTeam "Hamelner SV"]
[WhiteCountry "GER"]
[WhiteFideId "24661678"]
[WhiteEloChange "-3"]
[BlackElo "1805"]
[BlackTeam "Segeberger SF"]
[BlackCountry "GER"]
[BlackFideId "12956600"]
[BlackEloChange "3"]

1. d4 {[%clk 1:30:30]} Nf6 {[%clk 1:30:30]} 2. c4 {[%clk 1:30:30]} e6 {[%clk
1:30:30]} 3. Nc3 {[%clk 1:30:30]} Bb4 {[%clk 1:30:30]} 4. e3 {[%clk 1:30:30]} O-O
{[%clk 1:30:30]} 5. Ne2 {[%clk 1:30:30]} d5 {[%clk 1:30:30]} 6. a3 {[%clk
1:30:30]} Be7 {[%clk 1:30:30]} 7. Nf4 {[%clk 1:30:30]} c6 {[%clk 1:30:30]} 8. Bd3
{[%clk 1:30:30]} Nbd7 {[%clk 1:30:30]} 9. O-O {[%clk 1:30:30]} dxc4 {[%clk
1:30:30]} 10. Bxc4 {[%clk 1:30:30]} e5 {[%clk 1:30:30]} 11. Nfe2 {[%clk 1:30:30]}
Nb6 {[%clk 1:30:30]} 12. Bb3 {[%clk 1:30:30]} exd4 {[%clk 1:30:30]} 13. exd4
{[%clk 1:30:30]} Nbd5 {[%clk 1:30:30]} 14. Qd3 {[%clk 1:30:30]} Be6 {[%clk
1:30:30]} 15. Bc2 {[%clk 1:30:30]} g6 {[%clk 1:30:30]} 16. Ng3 {[%clk 1:30:30]}
Nxc3 {[%clk 1:30:30]} 17. Qxc3 {[%clk 1:30:30]} Qd5 {[%clk 1:30:30]} 18. Bh6
{[%clk 1:30:30]} Rfd8 {[%clk 1:30:30]} 19. Rad1 {[%clk 1:30:30]} c5 {[%clk
1:30:30]} 20. dxc5 {[%clk 1:30:30]} Qxc5 {[%clk 1:30:30]} 21. Qxc5 {[%clk
1:30:30]} Bxc5 {[%clk 1:30:30]} 22. Bg5 {[%clk 1:30:30]} Be7 {[%clk 1:30:30]} 23.
f4 {[%clk 1:30:30]} Rac8 {[%clk 1:30:30]} 24. Bb1 {[%clk 1:30:30]} Bc5+ {[%clk
1:30:30]} 25. Kh1 {[%clk 1:30:30]} Rxd1 {[%clk 1:30:30]} 26. Rxd1 {[%clk
1:30:30]} Ng4 {[%clk 1:30:30]} 27. Ne4 {[%clk 1:30:30]} Nf2+ {[%clk 1:30:30]} 28.
Nxf2 {[%clk 1:30:30]} Bxf2 {[%clk 1:30:30]} 29. Be4 {[%clk 1:30:30]} b6 {[%clk
1:30:30]} 30. Bf6 {[%clk 1:30:30]} Bb3 {[%clk 1:30:30]} 31. Rf1 {[%clk 1:30:30]}
Be3 {[%clk 1:30:30]} 32. Bc3 {[%clk 1:30:30]} Rd8 {[%clk 1:30:30]} 33. g3 {[%clk
1:30:30]} Rd1 {[%clk 1:30:30]} 34. Rxd1 {[%clk 1:30:30]} Bxd1 {[%clk 1:30:30]}
35. Kg2 {[%clk 1:30:30]} Bb3 {[%clk 1:30:30]} 36. Bf6 {[%clk 1:30:30]} Kf8 {[%clk
1:30:30]} 37. Bc6 {[%clk 1:30:30]} Bc5 {[%clk 1:30:30]} 38. h3 {[%clk 1:30:30]}
Be7 {[%clk 1:30:30]} 39. Be5 {[%clk 1:30:30]} Bc5 {[%clk 1:30:30]} 40. Bf6 {[%clk
1:30:30]} Be7 {[%clk 1:30:30]} 41. Bd4 {[%clk 1:30:30]} Bc5 {[%clk 1:30:30]} 42.
Bxc5+ {[%clk 1:30:30]} bxc5 {[%clk 1:30:30]} 43. g4 {[%clk 1:30:30]} Ke7 {[%clk
1:30:30]} 44. g5 {[%clk 1:30:30]} Kd6 {[%clk 1:30:30]} 45. Be8 {[%clk 1:30:30]}
Be6 {[%clk 1:30:30]} 46. h4 {[%clk 1:30:30]} Kd5 {[%clk 1:30:30]} 47. Bb5 {[%clk
1:30:30]} c4 {[%clk 1:30:30]} 48. Kf3 {[%clk 1:30:30]} Kd4 {[%clk 1:30:30]} 49.
f5 {[%clk 1:30:30]} Bxf5 {[%clk 1:30:30]} 50. Kf4 {[%clk 1:30:30]} a5 {[%clk
1:30:30]} 51. h5 {[%clk 1:30:30]} Be6 {[%clk 1:30:30]} 52. h6 {[%clk 1:30:30]}
Bd5 {[%clk 1:30:30]} 53. Be8 {[%clk 1:30:30]} Be6 {[%clk 1:30:30]} 54. Bb5 {[%clk
1:30:30]} 1/2-1/2

[Event "8th Vellmar Chess Days"]
[Site "chess24.com"]
[Date "2016.07.29"]
[Round "2"]
[White "Reitz, Theresa"]
[Black "Heckmann, Torsten"]
[Result "1-0"]
[Board "43"]
[WhiteElo "1824"]
[WhiteTeam "VfR-SC Koblenz"]
[WhiteCountry "GER"]
[WhiteFideId "12971901"]
[WhiteEloChange "13"]
[BlackElo "1928"]
[BlackTeam "SVG Caissa Kassel"]
[BlackCountry "GER"]
[BlackFideId "24653896"]
[BlackEloChange "-13"]

1. e4 {[%clk 1:30:30]} c5 {[%clk 1:30:30]} 2. Nf3 {[%clk 1:30:30]} Nc6 {[%clk
1:30:30]} 3. Bb5 {[%clk 1:30:30]} d6 {[%clk 1:30:30]} 4. O-O {[%clk 1:30:30]} Bd7
{[%clk 1:30:30]} 5. c3 {[%clk 1:30:30]} g6 {[%clk 1:30:30]} 6. d4 {[%clk
1:30:30]} cxd4 {[%clk 1:30:30]} 7. cxd4 {[%clk 1:30:30]} Bg7 {[%clk 1:30:30]} 8.
Be3 {[%clk 1:30:30]} Nf6 {[%clk 1:30:30]} 9. Nc3 {[%clk 1:30:30]} O-O {[%clk
1:30:30]} 10. h3 {[%clk 1:30:30]} a6 {[%clk 1:30:30]} 11. Ba4 {[%clk 1:30:30]}
Qa5 {[%clk 1:30:30]} 12. Bg5 {[%clk 1:30:30]} h6 {[%clk 1:30:30]} 13. Be3 {[%clk
1:30:30]} Qh5 {[%clk 1:30:30]} 14. Nh2 {[%clk 1:30:30]} Qa5 {[%clk 1:30:30]} 15.
Bb3 {[%clk 1:30:30]} Rac8 {[%clk 1:30:30]} 16. f4 {[%clk 1:30:30]} e6 {[%clk
1:30:30]} 17. e5 {[%clk 1:30:30]} Nd5 {[%clk 1:30:30]} 18. Nxd5 {[%clk 1:30:30]}
exd5 {[%clk 1:30:30]} 19. Qf3 {[%clk 1:30:30]} dxe5 {[%clk 1:30:30]} 20. fxe5
{[%clk 1:30:30]} Ne7 {[%clk 1:30:30]} 21. Ng4 {[%clk 1:30:30]} Bxg4 {[%clk
1:30:30]} 22. hxg4 {[%clk 1:30:30]} Qd8 {[%clk 1:30:30]} 23. Qh3 {[%clk 1:30:30]}
Kh7 {[%clk 1:30:30]} 24. g5 {[%clk 1:30:30]} h5 {[%clk 1:30:30]} 25. g4 {[%clk
1:30:30]} Qd7 {[%clk 1:30:30]} 26. Bd1 {[%clk 1:30:30]} Qe6 {[%clk 1:30:30]} 27.
Qh2 {[%clk 1:30:30]} Rh8 {[%clk 1:30:30]} 28. gxh5 {[%clk 1:30:30]} gxh5 {[%clk
1:30:30]} 29. Bxh5 {[%clk 1:30:30]} Kg8 {[%clk 1:30:30]} 30. Qe2 {[%clk 1:30:30]}
Ng6 {[%clk 1:30:30]} 31. Bg4 {[%clk 1:30:30]} 1-0

[Event "8th Vellmar Chess Days"]
[Site "chess24.com"]
[Date "2016.07.29"]
[Round "2"]
[White "Boerma, Daniel"]
[Black "Hommer, Jeremy"]
[Result "0-1"]
[Board "44"]
[WhiteElo "1926"]
[WhiteTeam "SC Papenburg"]
[WhiteCountry "GER"]
[WhiteFideId "12965715"]
[WhiteEloChange "-13"]
[BlackElo "1813"]
[BlackTeam "SC Lüneburg"]
[BlackCountry "GER"]
[BlackFideId "12992577"]
[BlackEloChange "13"]

1. d4 {[%clk 1:30:30]} d5 {[%clk 1:30:30]} 2. Nf3 {[%clk 1:30:30]} f5 {[%clk
1:30:30]} 3. Bf4 {[%clk 1:30:30]} Nf6 {[%clk 1:30:30]} 4. e3 {[%clk 1:30:30]} e6
{[%clk 1:30:30]} 5. Bd3 {[%clk 1:30:30]} Be7 {[%clk 1:30:30]} 6. O-O {[%clk
1:30:30]} O-O {[%clk 1:30:30]} 7. Nbd2 {[%clk 1:30:30]} Ne4 {[%clk 1:30:30]} 8.
c4 {[%clk 1:30:30]} c6 {[%clk 1:30:30]} 9. Rc1 {[%clk 1:30:30]} Nd7 {[%clk
1:30:30]} 10. cxd5 {[%clk 1:30:30]} exd5 {[%clk 1:30:30]} 11. a3 {[%clk 1:30:30]}
g5 {[%clk 1:30:30]} 12. Be5 {[%clk 1:30:30]} g4 {[%clk 1:30:30]} 13. Ne1 {[%clk
1:30:30]} Nxe5 {[%clk 1:30:30]} 14. dxe5 {[%clk 1:30:30]} Bg5 {[%clk 1:30:30]}
15. Nxe4 {[%clk 1:30:30]} fxe4 {[%clk 1:30:30]} 16. Be2 {[%clk 1:30:30]} h5
{[%clk 1:30:30]} 17. b4 {[%clk 1:30:30]} Qe7 {[%clk 1:30:30]} 18. b5 {[%clk
1:30:30]} Bd7 {[%clk 1:30:30]} 19. bxc6 {[%clk 1:30:30]} bxc6 {[%clk 1:30:30]}
20. Nc2 {[%clk 1:30:30]} Qxe5 {[%clk 1:30:30]} 21. Nd4 {[%clk 1:30:30]} Qd6
{[%clk 1:30:30]} 22. a4 {[%clk 1:30:30]} Rf7 {[%clk 1:30:30]} 23. Qc2 {[%clk
1:30:30]} Raf8 {[%clk 1:30:30]} 24. Qc3 {[%clk 1:30:30]} h4 {[%clk 1:30:30]} 25.
Nb3 {[%clk 1:30:30]} Qh6 {[%clk 1:30:30]} 26. Nc5 {[%clk 1:30:30]} Bc8 {[%clk
1:30:30]} 27. Ba6 {[%clk 1:30:30]} Bxa6 {[%clk 1:30:30]} 28. Nxa6 {[%clk
1:30:30]} g3 {[%clk 1:30:30]} 29. Qxc6 {[%clk 1:30:30]} Qxc6 {[%clk 1:30:30]} 30.
Rxc6 {[%clk 1:30:30]} gxf2+ {[%clk 1:30:30]} 31. Kh1 {[%clk 1:30:30]} Bxe3 {[%clk
1:30:30]} 32. Nb4 {[%clk 1:30:30]} d4 {[%clk 1:30:30]} 33. Re6 {[%clk 1:30:30]}
Rb8 {[%clk 1:30:30]} 0-1

[Event "8th Vellmar Chess Days"]
[Site "chess24.com"]
[Date "2016.07.29"]
[Round "2"]
[White "Schellen, Sven"]
[Black "Schnegelberger, Leon"]
[Result "1/2-1/2"]
[Board "45"]
[WhiteElo "1801"]
[WhiteTeam "SF Frankfurt"]
[WhiteCountry "GER"]
[WhiteFideId "24674885"]
[WhiteEloChange "3"]
[BlackElo "1924"]
[BlackTeam "Kasseler SK"]
[BlackCountry "GER"]
[BlackFideId "16211871"]
[BlackEloChange "-3"]

1. d4 {[%clk 1:30:30]} Nf6 {[%clk 1:30:30]} 2. c4 {[%clk 1:30:30]} e6 {[%clk
1:30:30]} 3. Nf3 {[%clk 1:30:30]} Bb4+ {[%clk 1:30:30]} 4. Nbd2 {[%clk 1:30:30]}
c5 {[%clk 1:30:30]} 5. a3 {[%clk 1:30:30]} Bxd2+ {[%clk 1:30:30]} 6. Bxd2 {[%clk
1:30:30]} cxd4 {[%clk 1:30:30]} 7. Nxd4 {[%clk 1:30:30]} a6 {[%clk 1:30:30]} 8.
g3 {[%clk 1:30:30]} Nc6 {[%clk 1:30:30]} 9. Nxc6 {[%clk 1:30:30]} bxc6 {[%clk
1:30:30]} 10. Bb4 {[%clk 1:30:30]} d5 {[%clk 1:30:30]} 11. Bg2 {[%clk 1:30:30]}
Qb6 {[%clk 1:30:30]} 12. O-O {[%clk 1:30:30]} Bd7 {[%clk 1:30:30]} 13. Qd2 {[%clk
1:30:30]} a5 {[%clk 1:30:30]} 14. Bc3 {[%clk 1:30:30]} O-O {[%clk 1:30:30]} 15.
e4 {[%clk 1:30:30]} Rfd8 {[%clk 1:30:30]} 16. Bxf6 {[%clk 1:30:30]} gxf6 {[%clk
1:30:30]} 17. cxd5 {[%clk 1:30:30]} exd5 {[%clk 1:30:30]} 18. exd5 {[%clk
1:30:30]} cxd5 {[%clk 1:30:30]} 19. b4 {[%clk 1:30:30]} axb4 {[%clk 1:30:30]} 20.
Qxb4 {[%clk 1:30:30]} Qxb4 {[%clk 1:30:30]} 21. axb4 {[%clk 1:30:30]} Rxa1 {[%clk
1:30:30]} 22. Rxa1 {[%clk 1:30:30]} Bb5 {[%clk 1:30:30]} 23. Ra5 {[%clk 1:30:30]}
Bc4 {[%clk 1:30:30]} 24. Bf1 {[%clk 1:30:30]} Rb8 {[%clk 1:30:30]} 25. b5 {[%clk
1:30:30]} Rb6 {[%clk 1:30:30]} 26. f4 {[%clk 1:30:30]} Bxf1 {[%clk 1:30:30]} 27.
Kxf1 {[%clk 1:30:30]} Kf8 {[%clk 1:30:30]} 28. Ke2 {[%clk 1:30:30]} Ke7 {[%clk
1:30:30]} 29. Kd3 {[%clk 1:30:30]} Rb7 {[%clk 1:30:30]} 30. Kd4 {[%clk 1:30:30]}
Kd6 {[%clk 1:30:30]} 31. Ra6+ {[%clk 1:30:30]} Ke7 {[%clk 1:30:30]} 32. b6 {[%clk
1:30:30]} Kd6 {[%clk 1:30:30]} 33. f5 {[%clk 1:30:30]} h5 {[%clk 1:30:30]} 34.
Ra7 {[%clk 1:30:30]} Rxb6 {[%clk 1:30:30]} 35. Rxf7 {[%clk 1:30:30]} Rb4+ {[%clk
1:30:30]} 36. Kc3 {[%clk 1:30:30]} Rc4+ {[%clk 1:30:30]} 37. Kd3 {[%clk 1:30:30]}
Ke5 {[%clk 1:30:30]} 38. Rh7 {[%clk 1:30:30]} h4 {[%clk 1:30:30]} 39. Rxh4 {[%clk
1:30:30]} Rxh4 {[%clk 1:30:30]} 40. gxh4 {[%clk 1:30:30]} Kxf5 {[%clk 1:30:30]}
41. Kd4 {[%clk 1:30:30]} Kg4 {[%clk 1:30:30]} 42. Kxd5 {[%clk 1:30:30]} f5 {[%clk
1:30:30]} 43. h5 {[%clk 1:30:30]} Kxh5 {[%clk 1:30:30]} 44. Ke5 {[%clk 1:30:30]}
Kg4 {[%clk 1:30:30]} 45. h3+ {[%clk 1:30:30]} 1/2-1/2

[Event "8th Vellmar Chess Days"]
[Site "chess24.com"]
[Date "2016.07.29"]
[Round "2"]
[White "Reitz, Philipp"]
[Black "Helmer, Jan"]
[Result "1/2-1/2"]
[Board "46"]
[WhiteElo "1924"]
[WhiteTeam "VfR-SC Koblenz"]
[WhiteCountry "GER"]
[WhiteFideId "12973297"]
[WhiteEloChange "-3"]
[BlackElo "1799"]
[BlackTeam "Hamelner SV"]
[BlackCountry "GER"]
[BlackFideId "12956686"]
[BlackEloChange "3"]

1. d4 {[%clk 1:30:30]} e6 {[%clk 1:30:30]} 2. Nf3 {[%clk 1:30:30]} Nf6 {[%clk
1:30:30]} 3. c4 {[%clk 1:30:30]} d5 {[%clk 1:30:30]} 4. g3 {[%clk 1:30:30]} c6
{[%clk 1:30:30]} 5. Bg2 {[%clk 1:30:30]} Bd6 {[%clk 1:30:30]} 6. Qc2 {[%clk
1:30:30]} Nbd7 {[%clk 1:30:30]} 7. O-O {[%clk 1:30:30]} O-O {[%clk 1:30:30]} 8.
Nbd2 {[%clk 1:30:30]} Re8 {[%clk 1:30:30]} 9. b3 {[%clk 1:30:30]} e5 {[%clk
1:30:30]} 10. cxd5 {[%clk 1:30:30]} cxd5 {[%clk 1:30:30]} 11. dxe5 {[%clk
1:30:30]} Nxe5 {[%clk 1:30:30]} 12. Bb2 {[%clk 1:30:30]} Nc6 {[%clk 1:30:30]} 13.
e3 {[%clk 1:30:30]} Bd7 {[%clk 1:30:30]} 14. Rac1 {[%clk 1:30:30]} Nb4 {[%clk
1:30:30]} 15. Qb1 {[%clk 1:30:30]} Bb5 {[%clk 1:30:30]} 16. Rfd1 {[%clk 1:30:30]}
Be2 {[%clk 1:30:30]} 17. Re1 {[%clk 1:30:30]} Bd3 {[%clk 1:30:30]} 18. Qa1 {[%clk
1:30:30]} Nc2 {[%clk 1:30:30]} 19. Bxf6 {[%clk 1:30:30]} gxf6 {[%clk 1:30:30]}
20. Qc3 {[%clk 1:30:30]} Nxe1 {[%clk 1:30:30]} 21. Nxe1 {[%clk 1:30:30]} Ba6
{[%clk 1:30:30]} 22. Qd4 {[%clk 1:30:30]} Be5 {[%clk 1:30:30]} 23. Qg4+ {[%clk
1:30:30]} Kh8 {[%clk 1:30:30]} 24. Qh5 {[%clk 1:30:30]} Bb5 {[%clk 1:30:30]} 25.
Rc5 {[%clk 1:30:30]} Bc6 {[%clk 1:30:30]} 26. Bh3 {[%clk 1:30:30]} Re7 {[%clk
1:30:30]} 27. Bf5 {[%clk 1:30:30]} Qg8 {[%clk 1:30:30]} 28. Nd3 {[%clk 1:30:30]}
Bd6 {[%clk 1:30:30]} 29. Rc2 {[%clk 1:30:30]} Bb5 {[%clk 1:30:30]} 30. Nc5 {[%clk
1:30:30]} b6 {[%clk 1:30:30]} 31. Nd3 {[%clk 1:30:30]} Bxd3 {[%clk 1:30:30]} 32.
Bxd3 {[%clk 1:30:30]} Re5 {[%clk 1:30:30]} 33. Qh4 {[%clk 1:30:30]} Qg7 {[%clk
1:30:30]} 34. Nf3 {[%clk 1:30:30]} Ree8 {[%clk 1:30:30]} 35. Rc6 {[%clk 1:30:30]}
Be7 {[%clk 1:30:30]} 36. Qh5 {[%clk 1:30:30]} Rac8 {[%clk 1:30:30]} 37. Rxc8
{[%clk 1:30:30]} Rxc8 {[%clk 1:30:30]} 38. Nd4 {[%clk 1:30:30]} Bf8 {[%clk
1:30:30]} 39. Ne2 {[%clk 1:30:30]} Rc5 {[%clk 1:30:30]} 40. b4 {[%clk 1:30:30]}
Rc8 {[%clk 1:30:30]} 41. a3 {[%clk 1:30:30]} Rd8 {[%clk 1:30:30]} 42. Nd4 {[%clk
1:30:30]} Rd7 {[%clk 1:30:30]} 43. Bf5 {[%clk 1:30:30]} Rc7 {[%clk 1:30:30]} 44.
Kg2 {[%clk 1:30:30]} a5 {[%clk 1:30:30]} 45. bxa5 {[%clk 1:30:30]} bxa5 {[%clk
1:30:30]} 46. Nb5 {[%clk 1:30:30]} Rc5 {[%clk 1:30:30]} 47. Bd3 {[%clk 1:30:30]}
d4 {[%clk 1:30:30]} 1/2-1/2

[Event "8th Vellmar Chess Days"]
[Site "chess24.com"]
[Date "2016.07.29"]
[Round "2"]
[White "Hufendiek, Ekkehard"]
[Black "Marzec, Witold"]
[Result "1-0"]
[Board "47"]
[WhiteElo "1914"]
[WhiteTeam "SK Werther"]
[WhiteCountry "GER"]
[WhiteFideId "4650190"]
[WhiteEloChange "6"]
[BlackElo "1777"]
[BlackTeam "vereinslos"]
[BlackCountry "GER"]
[BlackFideId "1270680"]
[BlackEloChange "-6"]

1. e4 {[%clk 1:30:30]} c5 {[%clk 1:30:30]} 2. d4 {[%clk 1:30:30]} cxd4 {[%clk
1:30:30]} 3. c3 {[%clk 1:30:30]} dxc3 {[%clk 1:30:30]} 4. Nxc3 {[%clk 1:30:30]}
e6 {[%clk 1:30:30]} 5. Bc4 {[%clk 1:30:30]} Nc6 {[%clk 1:30:30]} 6. Nf3 {[%clk
1:30:30]} a6 {[%clk 1:30:30]} 7. O-O {[%clk 1:30:30]} b5 {[%clk 1:30:30]} 8. Bb3
{[%clk 1:30:30]} Bc5 {[%clk 1:30:30]} 9. Bg5 {[%clk 1:30:30]} Nge7 {[%clk
1:30:30]} 10. Nd5 {[%clk 1:30:30]} h6 {[%clk 1:30:30]} 11. Bh4 {[%clk 1:30:30]}
Qa5 {[%clk 1:30:30]} 12. Rc1 {[%clk 1:30:30]} d6 {[%clk 1:30:30]} 13. Nxe7 {[%clk
1:30:30]} Nxe7 {[%clk 1:30:30]} 14. Bxe7 {[%clk 1:30:30]} Kxe7 {[%clk 1:30:30]}
15. Ne5 {[%clk 1:30:30]} Qb6 {[%clk 1:30:30]} 16. Nd3 {[%clk 1:30:30]} Bb7 {[%clk
1:30:30]} 17. Qg4 {[%clk 1:30:30]} Rhg8 {[%clk 1:30:30]} 18. e5 {[%clk 1:30:30]}
Rac8 {[%clk 1:30:30]} 19. exd6+ {[%clk 1:30:30]} Bxd6 {[%clk 1:30:30]} 20. Rxc8
{[%clk 1:30:30]} Bxc8 {[%clk 1:30:30]} 21. Qh4+ {[%clk 1:30:30]} Kf8 {[%clk
1:30:30]} 22. Rd1 {[%clk 1:30:30]} Be7 {[%clk 1:30:30]} 23. Qh5 {[%clk 1:30:30]}
Bf6 {[%clk 1:30:30]} 24. Rc1 {[%clk 1:30:30]} Bd7 {[%clk 1:30:30]} 25. Nc5 {[%clk
1:30:30]} Ke7 {[%clk 1:30:30]} 26. Nxd7 {[%clk 1:30:30]} Kxd7 {[%clk 1:30:30]}
27. Qxf7+ {[%clk 1:30:30]} 1-0